000 00457nam a2200181Ia 4500
005 20250423100345.0
008 250422s9999 xx 000 0 und d
020 _a9781250252821
050 _aPS3619.C3253 S33/
100 _aSchaffhausen, Joanna
245 0 _aNo mercy
260 _aNew York
260 _bMinotaur Books,
260 _c2019
300 _a316 p
650 _a Women detectives--Fiction. Policewomen--Fiction.
942 _cBK
999 _c33061
_d33061